Using Visual FoxPro 6 (Record no. 191828)

000 -LEADER
fixed length control field 00567 a2200169 4500
003 - CONTROL NUMBER IDENTIFIER
control field Nust
005 - DATE AND TIME OF LATEST TRANSACTION
control field 20170207154024.0
040 ## - CATALOGING SOURCE
Transcribing agency Nust
100 ## - MAIN ENTRY--PERSONAL NAME
Personal name Bazian, Menachem
245 ## - TITLE STATEMENT
Title Using Visual FoxPro 6
Statement of responsibility, etc. Menachem Bazian
250 ## - EDITION STATEMENT
Edition statement Special Edition Using Visual FoxPro 6
260 ## - PUBLICATION, DISTRIBUTION, ETC.
Place of publication, distribution, etc. Sams Publishing
Date of publication, distribution, etc. 2000
300 ## - PHYSICAL DESCRIPTION
Extent 696 p
505 ## - FORMATTED CONTENTS NOTE
Formatted contents note Introduction (Page-1), Working With Data (Page-99), Creating A GUI (Page-307), Object Oriented Programming (Page-419), COM (Page-675), Other Visual Foxpro Topics (Page-748)
650 ## - SUBJECT ADDED ENTRY--TOPICAL TERM
Topical term or geographic name entry element Visual FoxPro 6
651 ## - SUBJECT ADDED ENTRY--GEOGRAPHIC NAME
Geographic name E-BOOK
942 ## - ADDED ENTRY ELEMENTS (KOHA)
Source of classification or shelving scheme
Koha item type Book
Holdings
Withdrawn status Lost status Source of classification or shelving scheme Damaged status Not for loan Collection code Permanent Location Current Location Date acquired Total Checkouts Barcode Date last seen Price effective from Koha item type
            Military College of Signals (MCS) Military College of Signals (MCS) 12/12/2016   MCSEB-965 12/08/2016 12/12/2016 Book
© 2023 Central Library, National University of Sciences and Technology. All Rights Reserved.